| 000 | 01060nam a2200325 a 4500 | ||
|---|---|---|---|
| 003 | MX-MxUPN | ||
| 005 | 20250303104233.0 | ||
| 007 | cr a | ||
| 008 | 250303s2019 sp ||||fo|||| 000 0 spa d | ||
| 040 |
_aMX-MxUPN _bspa _cMX-MxUPN _eaacr2 |
||
| 041 | 0 | _aspa | |
| 050 | 1 | 4 | _aLB1028.68 |
| 100 | 1 |
_aPruneda, Rosa E. _955614 |
|
| 100 | 1 |
_aCastillo, M. Carmen _955618 |
|
| 100 | 1 |
_aMozos, Carlos M. _955615 |
|
| 100 | 1 |
_aMuñoz, Elena M. _955711 |
|
| 100 | 1 |
_aSanz, Ana M. _955616 |
|
| 100 | 1 |
_aAlcázar, Alberto _955712 |
|
| 100 | 1 |
_aArroyo, Luis F. _955714 |
|
| 245 | 1 | 0 |
_aMoodle: gestión de contenidos online _h[recurso electrónico en línea] |
| 260 |
_aCuenca : _bEdiciones de la Universidad de Castilla-La Mancha, _c2019. |
||
| 300 |
_a1 recurso en línea (115 páginas) : _bPDF |
||
| 490 | 0 |
_aColección Atenea ; _v17 |
|
| 506 | 0 | _aAcceso abierto. | |
| 630 | 0 | 4 |
_aMoodle _955715 |
| 650 | 4 |
_aEnseñanza asistida por computadora _94965 |
|
| 856 | 4 | 0 | _uhttps://hdl.handle.net/10578/22698 |
| 902 | _aVíctor Ruiz/030325 | ||
| 942 |
_2lcc _cLIBRO-E |
||
| 999 |
_c212769 _d212769 |
||